|
|
|
|
| LEADER |
00000nam0a2200000 4500 |
| 001 |
211130 |
| 005 |
20240116160235.0 |
| 035 |
|
|
|a (RuTPU)RU\TPU\book\230611
|
| 090 |
|
|
|a 211130
|
| 100 |
|
|
|a 20120311d2011 m y0rusy50 ca
|
| 101 |
0 |
|
|a rus
|
| 102 |
|
|
|a RU
|
| 105 |
|
|
|a a j 001zy
|
| 200 |
1 |
|
|a Русский язык как иностранный: профессиональная сфера
|e учебное пособие для студентов продвинутого этапа обучения (специальность 130500 "нефтегазовое дело")
|f А. Е. Сискевич, Т. Ф. Волкова
|g Национальный исследовательский Томский политехнический университет (ТПУ)
|
| 210 |
|
|
|a Томск
|c Изд-во ТПУ
|d 2011
|
| 215 |
|
|
|a 99 с.
|c ил.
|
| 320 |
|
|
|a Библиогр.: с. 69.
|
| 330 |
|
|
|a Пособие написано на материале текстов по основам нефтегазового дела, исторической и общей геологии для занятий по дисциплине "Русский язык как иностранный: профессиональная сфера (технический профиль)" в группах иностранных учащихся. Состоит из четырех разделов и приложения. Предназначено для студентов ИМОЯК, изучающих дисциплину "Нефтегазовое дело".
|
| 606 |
1 |
|
|a Русский язык
|x Для других народов
|x Учебные руководства и пособия
|2 stltpush
|3 (RuTPU)RU\TPU\subj\26400
|9 50340
|
| 610 |
1 |
|
|a русский язык как иностранный
|
| 610 |
1 |
|
|a нефтегазовое дело
|
| 610 |
1 |
|
|a геология
|
| 610 |
1 |
|
|a профессиональные тексты
|
| 610 |
1 |
|
|a лексика
|
| 610 |
1 |
|
|a грамматика
|
| 610 |
1 |
|
|a морфология
|
| 610 |
1 |
|
|a аудирование
|
| 610 |
1 |
|
|a словоупотребление
|
| 610 |
1 |
|
|a труды учёных ТПУ
|
| 686 |
|
|
|a Ш141.2-96
|2 rubbk
|
| 700 |
|
1 |
|a Сискевич
|b А. Е.
|c лингвист
|c старший преподаватель Томского политехнического университета, кандидат филологических наук
|f 1983-
|g Анастасия Евгеньевна
|3 (RuTPU)RU\TPU\pers\29014
|9 13734
|
| 701 |
|
1 |
|a Волкова
|b Т. Ф.
|c лингвист
|c доцент Томского политехнического университета, кандидат филологических наук
|f 1974-
|g Татьяна Фёдоровна
|3 (RuTPU)RU\TPU\pers\24589
|9 10887
|
| 712 |
0 |
2 |
|a Национальный исследовательский Томский политехнический университет (ТПУ)
|c (2009- )
|3 (RuTPU)RU\TPU\col\15902
|
| 801 |
|
1 |
|a RU
|b 63413507
|c 20120311
|
| 801 |
|
2 |
|a RU
|b 63413507
|c 20221213
|g RCR
|
| 942 |
|
|
|c BK
|